| 000 | 00346nam a2200133Ia 4500 | ||
|---|---|---|---|
| 008 | 191014s9999 xx 000 0 und d | ||
| 020 | _a978-0-553-27081-5 | ||
| 082 |
_a729.0941 _bPAP |
||
| 100 |
_aJoseph Papp, Elzabeth Kirkland _924052 |
||
| 245 | 0 | _aShakespeare Alive | |
| 260 |
_aUSA _bBantam Books _c1988 |
||
| 300 | _aPeg,216 | ||
| 942 | _cBK | ||
| 999 |
_c531324 _d531324 |
||